000 00777nam a22002055i 4500
001 162042
003 ES-MaACL
005 20250727022522.0
008 971108s1898 fr |||| | fre d
040 _aAR
_bspa
_cAR
100 1 _aPiat, Clodius (
_d1854-1918)
_991746
245 1 0 _aDestinée de l´homme /
_cpar M. L'Abbé C. Piat.
260 _aParis :
_bancienne Librairie Germer Baillière et C\pie\s :
_bFélix Alcan,
_c1898.
300 _a244 p. ;
_c23 cm.
490 1 _aBibliothèque de Philosophie Contemporaine
650 7 _aAntropología filosófica
_2embne
_99891
830 0 _aBibliothèque de Philosophie Contemporaine
_9181027
852 _aES-MaACL
_jB-7022
_z-- Enc. hol.
_x-- Edic.: añadir en T260 (Evreux : Charles Hérissey)
999 _c162042
_d162042